000 00527nam a2200217Ia 4500
003 OSt
005 20220923211758.0
006 a|||||r|||| 00| 0
007 ta
008 Pun
024 _a54,261
037 _cTextual
040 _aARTS
_cARTS
_bPun
041 _2Pun
_aPun
082 _aP153:7, J6
100 _aਕਰਤਾਰ ਸਿੰਘ
245 0 _aਪੰਜਾਬੀ Fਬਦ - ਜੋੜ
260 _c1956
942 _hP153:7, J6
_cTEXL
_2CC
999 _c303475
_d303475